Most Restrictive US States - Statistics

General Stats
  • This quiz has been taken 36 times
  • The average score is 4 of 5
Answer Stats
# of Regulations State % Correct
403,774 California
100%
298,804 New York
100%
279,147 Illinois
75%
273,106 Texas
75%
286,933 New Jersey
72%
No matching quizzes found
Score Distribution
Percent of People with Each Score
Percentile by Number Answered
Your Score History
You have not taken this quiz